Ends in 'RM' Quiz Stats

Quiz Updated Apr 17, 2015

Also try: Ends in 'SK'
Challenge
Share
Tweet
Embed
Score 0/22 Timer 03:00
2 Plays Today
Clue Word Ending in 'RM' % Correct
A device to signal approaching dangerAlarm
94.5%
Cause injury, loss or discomfortHarm
92.9%
Part of the body between elbow and wristForearm
90.1%
Magical words or to enchantCharm
89.6%
Treatment to produce a wavy or curly hair style Perm
88.9%
Provide someone with the factsInform
86.9%
Something that is usual or typicalNorm
86.5%
Moderate and comfortable heatWarm
85.3%
A microorganism that causes diseaseGerm
84.1%
Wriggle from side to sideSquirm
78.8%
Unchanged in character or school attireUniform
77.3%
Clue Word Ending in 'RM' % Correct
Group discussion to produce ideasBrainstorm
74.6%
A throw where the hand passes over the shoulderOverarm
74.2%
An election or exam, e.g. part way through Midterm
74.1%
Electrical weather eventThunderstorm
73.6%
Long cylindrical soil dwelling animalEarthworm
72.3%
Confirm again something stronglyReaffirm
65.5%
Spoil or misshapeDeform
50.6%
Natural feature of the earth's surfaceLandform
32.8%
The spar for attachment of a square sailYardarm
31%
Having four parts or sidesQuadriform
18.6%
Resembling or having the shape of a wormVermiform
11.8%

You're not logged in!

Compare scores with friends on all Sporcle quizzes.
Join for Free
OR
Log In

You Might Also Like...

Show Comments

Extras

Top Quizzes Today


Score Distribution

Your Account Isn't Verified!

In order to create a playlist on Sporcle, you need to verify the email address you used during registration. Go to your Sporcle Settings to finish the process.

Report this User

Report this user for behavior that violates our Community Guidelines.

Details: